00418pab a2200145 454500008004000000100002000040245008800060260000900148300001300157362001200170650003400182650002400216700001900240773001300259180718b2008 xxu||||| |||| 00| 0 eng d aBezbaruah, M.P. aExpanding Indo-Bangladesh trade relation: need to look beyond the merchandise trade c2008 ap.74-79. aOct-Dec aIndia - Commerce - Bangladesh aInternational trade aMahanta, Ratul aDialogue